000 00523cam a22002051 4500
001 he 66001748
003 DLC
005 20260227111441.0
008 840321s1966 is 000 1 heb
010 _ahe 66001748
035 _a(OCoLC)19140558
040 _aDLC
_cMH
_dCU
_dDLC
042 _apremarc
050 0 0 _aPJ5054.P33
_bM6
100 1 _aPaska, Avraham.
245 1 3 _aha-Moḳesh :
_bsipur.
260 _a[Tel Aviv] :
_bMaḥbarot le-sifrut,
_c[1966]
300 _a171 p. ;
_c22 cm.
752 _aIsrael
_dTel Aviv
999 _c31983
_d31983